| 000 | nam a22 7a 4500 | ||
|---|---|---|---|
| 999 |
_c18929 _d18929 |
||
| 008 | 170114b xxu||||| |||| 00| 0 eng d | ||
| 020 | _a9781600613210 | ||
| 050 | _aNK 1520 .M56 2009 | ||
| 100 |
_aMillman, Debbie _d2009. |
||
| 245 |
_aLook both ways: _bIllustrated essays on the intersection of life and design/ _cDebbie Millman |
||
| 260 |
_aChina: _bHOW books, _c2009. |
||
| 300 |
_a217p.: _bill.; _c25cm. |
||
| 521 | _aIncludes index. | ||
| 650 | _aDesign--psychological aspects. | ||
| 942 |
_2lcc _cBOOKS _hNK 1520 .M56 2009 |
||